Mistress of Rome- book Quiz Stats

 Plays Quiz not verified by Sporcle

Challenge
Share
Tweet
Embed
Score 0/15 Timer 10:00
0 Plays Today
Clue Answer % Correct
Emperor?Domitian
81.8%
Main character?Thea
72.7%
Senator?Marcus
72.7%
Gladiator?Arius
63.6%
Senator's son?Paulinus
63.6%
Son of gladiator and main character?Vercingetorix
63.6%
Senator's wife before he divorces her?Lepida
54.5%
Gladiator's friend?Hercules
54.5%
Clue Answer % Correct
Senator's and ex-wife's daughter?Sabina
54.5%
Emperor's niece?Julia
54.5%
#10's cousin?Flavia
54.5%
Slave?Ganymede
36.4%
Astrologer?Nessus
36.4%
#11's wife?Penelope
27.3%
The main character's 'agent'/master when she is a singer?Larcius
18.2%

You're not logged in!

Compare scores with friends on all Sporcle quizzes.
Join for Free
OR
Log In

You Might Also Like...

Show Comments

Extras

Created May 2, 2011ReportNominate
Tags:Book Quiz, extra, mistress

Top Quizzes Today


Score Distribution

Your Account Isn't Verified!

In order to create a playlist on Sporcle, you need to verify the email address you used during registration. Go to your Sporcle Settings to finish the process.

Report this User

Report this user for behavior that violates our Community Guidelines.

Details: